000 02633nab a2200337 a 4500
005 20210219162147.0
008 991125s1985 mx 000 0 spa u
035 _aUPN01000198784
049 _aART-E
100 1 _aGonzález, Anahí
100 1 _uanahipgonzalez@gmail.com
100 1 _aPlotnik, Gabriela
100 1 _ugabrielaplotnik@yahoo.com.ar
222 _aARGUMENTOS : REVISTA DE CRITICA SOCIAL
245 _a"Nosotros-otros", violencia simbólica y representaciones sociales sobre el migrante internacional. Un análisis en las instituciones educativa y judicial en la Ciudad de Buenos Aires y Gran Buenos Aires
260 _aArgentina
300 _a150-175
362 0 _a2013 No. 15
520 3 _aEl artículo tiene como hipótesis central que los docentes y los miembros del poder judicial construyen representaciones sociales discriminatorias hacia los migrantes internacionales, lo que supone el ejercicio de una violencia simbólica de difícil visibilización, reproduciendo cotidianamente en ambos espacios relaciones de dominación y exclusión. Se analizan los resultados de catorce grupos focales –de ocho a diez integrantes, cada uno- realizados a docentes de escuelas primarias y secundarias, públicas y privadas de la Ciudad de Buenos Aires y la Provincia de Buenos Aires y cuarenta entrevistas efectuadas a miembros del poder judicial del mismo ámbito socio geográfico en el marco de dos proyectos UBACYT, dirigidos por Néstor Cohen y con sede en el Instituto de Investigaciones Gino Germani de la Universidad de Buenos Aires. Este proyecto aborda la cuestión de la interculturalidad focalizándose en las relaciones conflictivas y de poder que pudiesen implicar. A modo de estructurar el análisis de los resultados obtenidos, se definieron tres ejes transversales a los dos campos analizados: inferiorización del "otro" migrante, el "otro" migrante como amenaza-enemigo y el "otro" migrante como invasor. En términos analíticos estos ejes se presentan de modo diferenciado aunque se asume que se encuentran vinculados entre sí y, consecuentemente, tienen como efecto el refuerzo de la condición de vulnerabilidad del migrante internacional.
653 0 _aMIGRANTES
653 0 _aRELACIONES INTERCULTURALES
653 0 _aVIOLENCIA
653 0 _aDOCENTES
653 0 _aPODER JUDICIAL
856 4 _ufile:///C:/Users/usuario/Downloads/Dialnet-NosotrosotrosViolenciaSimbolicaYRepresentacionesSo-4549269.pdf
905 _aArticulo
336 _atexto$2rdacontent
337 _acomputadora$2rdamedia
338 _arecurso en linea$2rdacarrier
999 _c170885
_d170885